Normal view
MARC view
- SCEE
Entry Topical Term
001 - CONTROL NUMBER
- control field: 90486
003 - CONTROL NUMBER IDENTIFIER
- control field: NUST
005 - DATE AND TIME OF LATEST TRANSACTION
- control field: 20220308121758.0
008 - FIXED-LENGTH DATA ELEMENTS
- fixed length control field: 220308|| aca||aabn | a|a d
040 ## - CATALOGING SOURCE
- Original cataloging agency: NUST
- Transcribing agency: NUST
150 ## - HEADING--TOPICAL TERM
- Topical term or geographic name entry element: SCEE
670 ## - SOURCE DATA FOUND
- Source citation: Work cat.: (NUST): Durant, Will. 90484, The Pleasures of philosophy:, 1981.
